Quizzes
Events
Quiz Creation
Community
Videos
Private Events
Remove Ads
Sign In
Join for FREE
Feedback
Dark Mode
Quiz Categories
Sports
Geography
Music
Movies
Television
Just For Fun
Miscellaneous
History
Literature
Language
Science
Gaming
Entertainment
Religion
Holiday
For Kids
Quiz Lab
Recent
Popular Today
Quiz Kudos Today
Editor Picks
Curator Picks
Quizzes by...
Day
Popularity
Type
Ratings
Length
Year
Community
Subscriptions
Recent Discussions
Orange Saloon
Badges
Playlists
Quests
Create
Leaderboards
Showdown
Live 5
Trivia Bingo
Activity
Puzzle Library
Sporcle Events
Private Events
Virtual Trivia
Globe League
Become a Host
Pub Owners
SporcleCon
Opinionation
Our Games
Videos
Blog
Mobile Apps
Partnerships
Remove Ads and Go Orange
Feedback
Geography
Country
Landmarks
City
State
Population
World
Capital
Continent
Flags
Europe
Africa
Asia
South America
North America
Oceania
Border
Canada
United Kingdom
Topography
United States
Geography
Country
Landmarks
City
State
Population
World
Capital
Continent
Flags
Europe
Africa
Asia
South America
North America
Oceania
Border
Canada
United Kingdom
Topography
United States
Random Quiz
Search Sporcle
×
Quiz Lab
Quiz Lab
Geography
World
Type in answers that appear in a list
Type in answers that appear in a list
Classic
Best Score? Go Orange.
City States Stats
Can you name the City-States of the world??
By
mogtodelli
8m
33 Questions
41 Plays
41 Plays
41 Plays
Comments
Comments
Give Quiz Kudos
Give Quiz Kudos
-
- Ratings
hide this ad
Replay
Link that replays current quiz
Next Quiz
Link to next quiz in quiz playlist
You Got
0%
They Got
Avg Score
40%
Avg Friend Score
Upgrade to see
Score Distribution
Jump to the score distribution portion of the page
Score
0/33
Timer
08:00
0
Plays Today
Country
City
% Correct
Monaco
Monaco
80.5%
USA
Washington, DC
78%
Holy See
Vatican City
78%
Singapore
Singapore
78%
China
Hong Kong
75.6%
Germany
Berlin
70.7%
Germany
Hamburg
58.5%
China
Macau
56.1%
Belgium
Brussels
56.1%
Russia
Moscow
56.1%
Australia
Canberra
56.1%
Austria
Vienna
53.7%
Brazil
Brasília
53.7%
Malaysia
Kuala Lumpur
53.7%
Argentina
Buenos Aires
51.2%
Russia
Saint Petersburg
51.2%
Ethiopia
Addis Ababa
51.2%
Country
City
% Correct
India
Delhi
43.9%
Pakistan
Islamabad
43.9%
Germany
Bremen
34.1%
Spain
Melilla
31.7%
Spain
Cueta
22%
Morocco
Tangier
17.1%
Croatia
Rijeka
14.6%
Ethiopia
Dire Dawa
14.6%
Italy
Trieste
12.2%
United Kingdom
Gibralter
9.8%
Malaysia
Melaka
7.3%
Germany
Gdańsk
4.9%
Germany
Memel
4.9%
India
Chandigarh
4.9%
Malaysia
Putrajaya
4.9%
Malaysia
Lubuan
2.4%
Quiz Playlist
Details
Report
Send in Message
Add To Playlist
Classic:
Type in answers that appear in a list
Last Updated: Apr 11, 2017
Quiz Scoreboard
CHALLENGE
Sign Up to Join the Scoreboard
Show All
Scores
Hide
Comments
May contain spoilers
Recently Published
TV Characters by Other Roles V
by ghcgh
Television
5m
Decade Duel: World Leaders
by jenniferyan
History
4m
Alphabetical 'K' Countries by Flag Minefield
by ylime102
Geography
3m
More to Explore
Quiz From the Vault
Featured Blog Post
15 Basketball Trivia Facts You Can Be March Mad About
hide this ad
You Might Also Like...
Tags
City Quiz
Country Quiz
State Quiz
World Quiz
City-state
Today's Top Quizzes in Geography
Browse Geography
hide this ad
Today's Top Quizzes in World
Browse World
Top Contributed Quizzes in Geography
1
Countries of the World - No Outlines Minefield
2
Pick 6: Mountains
3
Least Populated Answer: 'G' Countries
4
Alphabetical 'L' Countries By Flag Minefield
5
Lietuvos savivaldybės (Lithuanian Municipalities)
6
Pick 6: National Parks
7
Pick 6: US States
8
Alphabetical 'M' Countries By Flag Minefield
9
'A' Capitals Crossword
10
Countries of the World: 1800
Explore More
Trending Topics
Anime
Marvel
Crossword
NBA
Disney
Harry Potter
Kpop
Soccer
The Office
Pokémon
NFL
Song
Puzzle
Country
WWE
hide this ad
More By:
mogtodelli
Quiz
Plays
Rating
Category
Featured
Created
Funny Family Feud
386
1.67
Just For Fun
Jun 27, 2012
Cities hit by April 25-28 2011 Tornado Outbreak
170
1.50
Science
Jun 27, 2012
Huge Cities Test
128
3.00
Geography
Jul 2, 2012
EAS Code Quiz
103
5.00
Miscellaneous
Jul 10, 2012
City States
41
1.60
Geography
Jul 2, 2012
Go to Creator's Profile
Score Distribution
Quiz Creator Spotlight
mogtodelli
Follow
Send a Message
Quizzes Created
-
Created Quiz Play Count
-
More By This Creator
Popular Quizzes Today
1
Countries of Asia Without Outlines Minefield
2
Find the US States - No Outlines Minefield
3
Pick 6: Fruits
4
The Countries of the World
5
Alphabetical 'K' Countries by Flag Minefield
6
Find the Countries of Europe - No Outlines Minefield
7
US States
8
Find the US States
More Geography Quizzes
Acrostic Liverpool
Quiz Lab
Trending Quizzes
Pick 6: Mountains
Pick 6: Harry Potter
Pick 6: Flags
Pick 6: NFL Teams
Pick 6: Movie Franchises
Recently Updated
Adaptations: Name the Title
pecheneg
NWSL Teams
pecheneg
Women's Final Four Teams by Year
bhenderson79
Presidents Quartet II
eogle
Anything But Clue(do)
eogle
Anything But Oceanian Capitals
eogle
Anything But 7
eogle
Anything But Thing
eogle
Word Ladder: February 29
pecheneg
Song Title Questions
pecheneg
Trending Topics
Marvel
Harry Potter
Crossword
NBA
Kpop
Disney
Anime
Pokémon
NFL
The Office
WWE
Country
Song
Soccer
Puzzle
Your Account Isn't Verified!
In order to create a playlist on Sporcle, you need to verify the email address you used during registration. Go to your
Sporcle Settings
to finish the process.
Report this User
Report this user for behavior that violates our
Community Guidelines
.
Details:
Send Report
Go to the Sporcle.com Mobile Site →
Comments